Homo academicus
Saved in:
| Main Author: | |
|---|---|
| Format: | Book |
| Language: | Spanish |
| Published: |
Buenos Aires, Argentina
Siglo XXI
2008
|
| Series: | Biblioteca Clásica de Siglo Veintiuno
|
| Subjects: | |
| Tags: |
Add Tag
No Tags, Be the first to tag this record!
|
MARC
| LEADER | 00000cam a2200000 a 4500 | ||
|---|---|---|---|
| 001 | UCG3578 | ||
| 003 | CL-VaPUC | ||
| 005 | 20231023102930.0 | ||
| 008 | 100902e20080000AG |||||||||||||||||spa|d | ||
| 999 | |c 342632 |d 342630 | ||
| 020 | |a 9789876290289 | ||
| 040 | |c Pontificia Universidad Católica de Valparaíso | ||
| 082 | 0 | 4 | |a 378.12 BOU 2008 |2 21 |
| 100 | 0 | |a Bourdieu, Pierre |9 308635 | |
| 245 | 1 | 0 | |a Homo academicus |
| 260 | 0 | 3 | |a Buenos Aires, Argentina |b Siglo XXI |c 2008 |
| 300 | |a 313 páginas | ||
| 490 | 0 | |a Biblioteca Clásica de Siglo Veintiuno | |
| 583 | |a last modification |c 20150309 03:03:18 |k Rodrigo Vera | ||
| 650 | 0 | |a Educación superior |9 223851 | |
| 650 | 0 | |a Docentes |9 311365 | |
| 650 | 0 | |a Profesores universitarios |9 328378 | |
| 650 | 0 | |a Sociología de la educación |9 260380 | |
| 942 | |c BK |2 ddc | ||
| 945 | |d 20100902 00:00:00 |a mfarfan | ||
| 952 | |0 0 |1 0 |2 ddc |4 0 |6 378_120000000000000_BOU_2008 |7 0 |8 A |9 439024 |a BIBEDU |b BIBEDU |d 2019-11-22 |i 4715713 |o 378.12 BOU 2008 |p 4715713 |r 2019-11-22 |t 1 |w 2019-11-22 |y BK |k PSI | ||
| 952 | |0 0 |1 0 |2 ddc |4 0 |6 378_120000000000000_BOU_2008 |7 0 |8 A |9 439025 |a BIBEDU |b BIBEDU |d 2019-11-22 |i 4790227 |o 378.12 BOU 2008 |p 4790227 |r 2019-11-22 |t 2 |w 2019-11-22 |y BK |k EPE | ||
| 952 | |0 0 |1 0 |2 ddc |4 0 |6 378_120000000000000_BOU_2008 |7 0 |8 A |9 439026 |a BIBEDU |b BIBEDU |d 2019-11-22 |i 4931378 |o 378.12 BOU 2008 |p 4931378 |r 2019-11-22 |t 3 |w 2019-11-22 |y BK |k LIT | ||
| 952 | |0 0 |1 2 |4 0 |6 378_120000000000000_BOU_2008 |7 0 |8 A |9 439027 |a BIBGIM |b BIBGIM |d 2019-11-22 |i 4976665 |o 378.12 BOU 2008 |p 4976665 |r 2019-11-22 |w 2019-11-22 |y BK |k SSL | ||